Bigger Than The Whole Sky - Taylor Swift (All Lyrics) - Statistics

General Stats
  • This quiz has been taken 130 times
  • The average score is 218 of 249
Answer Stats
Lyrics % Correct
a
100%
than
100%
the
100%
You
100%
you
100%
you)
100%
bigger
99%
sky
99%
were
99%
whole
99%
I
98%
just
98%
be
96%
Goodbye,
96%
goodbye,
96%
goodbye
96%
more
96%
short
95%
time
95%
me
93%
and
91%
And
91%
to
91%
been,
90%
been
90%
could've
90%
got
89%
in
89%
should've
89%
would've
89%
I've
88%
What
88%
(What
88%
about
87%
it's
87%
its
87%
So
87%
with
87%
lot
85%
No
85%
Did
84%
my
84%
never
84%
gonna
83%
I'm
83%
live
83%
over
83%
over,
83%
some
83%
all
82%
without
82%
out
80%
words
80%
don't
79%
say
79%
aftermath
78%
'Cause
78%
didn't
78%
I'll
78%
now,
78%
before
77%
pine
77%
Asia?
76%
because
76%
bird
76%
believe
74%
meet
74%
take
74%
thing
74%
Every
73%
flap
73%
not
73%
appear
72%
wings
72%
force
71%
into
71%
pray?
71%
sadness
71%
single
71%
touch
70%
meant
68%
sick
66%
becomes
65%
come
65%
ashes
63%
eyes
63%
has
63%
ears
62%
Salt
59%
sea
59%
turned
59%
streams
57%
No matching quizzes found
Score Distribution
Percent of People with Each Score
Percentile by Number Answered
Your Score History
You have not taken this quiz